| 000 | 00885cam a22002535a 4500 | ||
|---|---|---|---|
| 001 | L159803 | ||
| 008 | 180115s2018 xxk f 000 0 eng d | ||
| 020 | _a9780727761973 | ||
| 035 | _a(Sirsi) u159803 | ||
| 041 | 0 | _aeng | |
| 050 | 0 | 4 | _a692.8 |
| 100 | 1 | _aHaidar, Ali | |
| 245 | 0 | 0 |
_aDelay and disruption claims in construction _ba practical approach |
| 250 | _a3 ed | ||
| 260 |
_aLondon _bThomas Telford _c2018 |
||
| 520 | _aDetails delay and disruption claims in construction within technical, contractual and legal parameters. Includes information on assessment techniques, guidance on presenting different claims, methods for calculating costs and case studies. | ||
| 520 | _aSupersedes 2 ed 9780727761973 | ||
| 590 | _aKA | ||
| 651 | 4 |
_aEngland and Wales _y1543- |
|
| 690 |
_aConstruction management _96230 |
||
| 700 | 1 | _aBarnes, Peter | |
| 856 | 4 | 0 |
_u _z |
| 942 | _n0 | ||
| 999 |
_c116116 _d116116 |
||